Statistics for Current bucks 2023-2024 roster

Click here to take the quiz!

General Stats

  • This quiz has been taken 19 times
  • The average score is 12 of 18

Answer Stats

HintAnswer% Correct
GuardDamian Lillard
100%
ForwardGiannis Antetokounmpo
100%
ForwardBobby Portis
92%
CenterBrook Lopez
92%
ForwardKhris Middleton
92%
GuardMalik Beasley
92%
Forward
Marjon Beauchamp
69%
GuardPatrick Beverly
69%
GuardAJ Green
62%
ForwardJae Crowder
62%
ForwardDanilo Gallinari
54%
ForwardThanasis Antetokounmpo
54%
ForwardChris Livingston
46%
GuardPat Connaughton
46%
GuardTyTy Washington
46%
GuardAndre Jackson
38%
ForwardJaylin Galloway
23%
GuardRyan Rollins
15%

Score Distribution

Percentile by Number Answered

Percent of People with Each Score

Your Score History

You have not taken this quiz